Séries Télés à trouver grâce aux personnages - Statistiques

Statistiques générales
  • Ce quiz a été pris 13 096 fois
  • Le résultat moyen est 15 sur 27
Statistiques - réponses
Indice Personnages Réponses-Séries % Correct
Le professeur, Tokyo La Casa De Papel
89%
Homer, Marge Les Simpsons
88%
Monica, Chandler Friends
85%
Micheal Scofield Prison Break
78%
Will Byers, Eleven Stranger Things
78%
Daenarys Targaryen, Jon Snow Game of thrones
74%
Walter White, Jessie Pinkman Breaking Bad
69%
Betty Cooper, Archie Andrews Riverdale
66%
Marion et Cédric, Huguette et Raymond Scènes de ménages
65%
Sheldon Cooper, Penny The Big Bang Theory
65%
Clay Jensen, Hannah Baker 13 Reasons Why
62%
Clarke, Octavia The 100
62%
Gabrielle Solis, Susan Mayer Desperate Housewives
60%
Hal, Dewey Malcolm
56%
Negan, Michonne The walking dead
52%
Miranda Bailey, Arizona Robbins Grey's Anatomy
50%
Aria Montgomery, Emily Fields Pretty Little Liars
49%
Perceval, Arthur Kaamelott
48%
Patrick Jane, Teresa Lisbon The Mentalist
44%
Fallon Carrington, Jeff Colby Dynastie
42%
Ted Mosby, Barney Stinson How I Met Your mother
38%
Piper Chapman, Alex Vause Orange is the new black
37%
Wes Gibbins, Annalise Keating How to get away with murder
36%
Rachel Berry, Sue Sylvester Glee
32%
Olivia Pope, Fitzgerald Grant Scandal
21%
Elliot Alderson Mr Robot
10%
Sarah Manning, Beth Childs Orphan Black
9%
Aucun quiz correspondant
Distribution des résultats
% des personnes avec chaque résultat
Percentile par nombre de réponses
Votre historique - résultats
Vous n’avez pas pris ce quiz